书目信息 |
| 题名: |
单片机原理及接口技术
|
|
| 作者: | 梅丽凤 , 王艳秋 , 汪毓铎 编著 | |
| 分册: | ||
| 出版信息: | 北京 清华大学出版社 2006.08 |
|
| 页数: | 368页 | |
| 开本: | 23cm | |
| 丛书名: | ||
| 单 册: | ||
| 中图分类: | TP368.1 | |
| 科图分类: | ||
| 主题词: | 单片微型计算机--dan pian wei xing ji suan ji--基本知识--高等学校--教材 , 单片微型计算机--dan pian wei xing ji suan ji--接口--高等学校--教材 | |
| 电子资源: | ||
| ISBN: | 7-81082-281-0 | |
| 000 | 01154nam0 2200301 450 | |
| 001 | 012006509910 | |
| 005 | 20061130100847.90 | |
| 010 | @a7-81082-281-0@dCNY33.00 | |
| 100 | @a20061027d2006 km y0chiy0120 ea | |
| 101 | 0 | @achi |
| 102 | @aCN@b110000 | |
| 105 | @aa a 000yy | |
| 200 | 1 | @a单片机原理及接口技术@Adan pian ji yuan li ji jie kou ji shu@f梅丽凤 … [等] 编著@Fmei li feng…[deng]bian zhu |
| 205 | @a修订版 | |
| 210 | @a北京@c清华大学出版社@c北京交通大学出版社@d2006.08 | |
| 215 | @a368页@c图@d23cm | |
| 300 | @a国家电工电子教学基地系列教材 | |
| 304 | @a题名页题: 梅丽凤, 王艳秋, 汪毓铎 … [等] 编著 | |
| 320 | @a有书目。 | |
| 330 | @a本教材讲述了MCS-51系列单片机的结构和原理,MCS-51系列单片机的指令系统,汇编语言程序设计,定时/计数器,串行接口等12章内容。 | |
| 606 | 0 | @a单片微型计算机@Adan pian wei xing ji suan ji@x基本知识@x高等学校@j教材 |
| 606 | 0 | @a单片微型计算机@Adan pian wei xing ji suan ji@x接口@x高等学校@j教材 |
| 690 | @aTP368.1@v4 | |
| 701 | 0 | @a梅丽凤@Amei li feng@4编著 |
| 701 | 0 | @a王艳秋@Awang yan qiu@4编著 |
| 701 | 0 | @a汪毓铎@Awang yu duo@4编著 |
| 801 | 0 | @aCN@c20061130 |
| 905 | @a10447@dTP368.1@eM436 | |
| 单片机原理及接口技术/梅丽凤 … [等] 编著.-修订版.-北京:清华大学出版社:北京交通大学出版社,2006.08 |
| 368页:图;23cm |
| 国家电工电子教学基地系列教材 |
| ISBN 7-81082-281-0:CNY33.00 |
| 本教材讲述了MCS-51系列单片机的结构和原理,MCS-51系列单片机的指令系统,汇编语言程序设计,定时/计数器,串行接口等12章内容。 |
| ● |
| 相关链接 |
|
|
|
正题名:单片机原理及接口技术
索取号:TP368.1/M436
 
预约/预借
| 序号 | 登录号 | 条形码 | 馆藏地/架位号 | 状态 | 备注 |
| 1 | 223599 | 202235991 | 自科库301/301自科库 63排1列4层/ [索取号:TP368.1/M436] | 在馆 | |
| 2 | 223600 | 202236008 | 自科二线404/301自科库 58排1列1层/ [索取号:TP368.1/M436] | 在馆 | |
| 3 | 223601 | 202236017 | 自科库301/301自科库 63排1列4层/ [索取号:TP368.1/M436] | 在馆 |